00418cam a2200157ua 450000100060000000800390000602000180004504000090006308200120007210000290008424500620011325000130017526000410018830000100022965300210023910619190322n ii |||gr||||Z||||||eng a9788125046530 cMAIN a954.162 aPriyam Goswami,eAuthor. aThe history of assambfrom yandabo to partition 1826-1947 a1st rep. aTelangana:bOrient blackswan,c2017. a300p. aSouth Asia India